| 000 | 01090cam a2200349 a 4500 | ||
|---|---|---|---|
| 001 | 22437 | ||
| 003 | SK-KTurca | ||
| 005 | 20260328113354.0 | ||
| 008 | 240318s2010 xo g 000 f slo | ||
| 015 | _aSNBA2011/04-02220 | ||
| 020 |
_a9788055123264 _q(viaz.) |
||
| 035 | _a839D11D7-CFA4-4B83-894A-BD5503FABFDA | ||
| 035 | _aurn:nbn:sk:snk-amle5t | ||
| 035 | _aurn:nbn:sk:snk-am008zd4 | ||
| 040 |
_aPOKPOH _bslo _cPOKPOH _dSNK _eAACR2 |
||
| 041 | 1 |
_aslo _heng |
|
| 044 |
_axo _cSK |
||
| 072 | 7 |
_a821.111(73)-3 _xAmerická próza _2konspekt |
|
| 080 |
_a821.111(73)-31 _22001 |
||
| 080 |
_a(0:82-312.5) _22001 |
||
| 100 | 1 |
_aKleypas, Lisa, _d1964- _4aut |
|
| 240 | 1 | 0 |
_aBlue-eyed devil _lSlovensky |
| 245 | 1 | 0 |
_aModrooký diabol _cLisa Kleypasová ; [z anglického originálu preložil Otakar Kořínek] |
| 250 | _a[1. vyd.] | ||
| 260 |
_aBratislava _bIkar _c2010 |
||
| 300 |
_a260 s. _c21 cm |
||
| 655 | 7 |
_aamerické romány _2SNKPH |
|
| 655 | 7 |
_aľúbostné romány _2SNKPH |
|
| 700 | 1 |
_aKořínek, Otakar, _d1946-2025 _4trl |
|
| 942 |
_2ddc _cKLDO _n0 |
||
| 980 | _a821.111(73)-31 | ||
| 999 |
_c22437 _d22437 |
||